EA FC26 All Gold Portugal Players - Statistics

General Stats
  • This quiz has been taken 58 times
  • The average score is 41 of 80
Answer Stats
Rate Club Answer % Correct
84 Man City Bernardo Silva
100%
85 Al Nassr Cristiano Ronaldo
100%
84 Milan Rafael Leao
100%
86 Man City Ruben Dias
100%
89 PSG Vitinha
100%
75 Genoa Vitinha
100%
76 Elche Andre Silva
98%
78 Benfica Antonio Silva
98%
87 Man United Bruno Fernandes
98%
79 Dortmund Fabio Silva
98%
75 Besiktas Jota Silva
98%
81 Sporting Rui Silva
98%
77 Vitoria Tiago Silva
98%
85 PSG Joao Neves
95%
86 PSG Nuno Mendes
95%
84 Al Hilal Ruben Neves
93%
75 FC Porto Martim Fernandes
88%
76 West Ham Mateus Fernandes
88%
76 Braga Roger Fernandes
88%
84 FC Porto Diogo Costa
81%
84 Al Hilal Joao Cancelo
81%
78 Mallorca Samu Costa
79%
75 Portland Timbers David da Costa
77%
80 PSG Goncalo Ramos
74%
79 Man City Matheus Nunes
72%
79 Man United Diogo Dalot
70%
80 Chelsea Pedro Neto
70%
83 Spurs Joao Palhinha
67%
77 Wolves Jose Sa
63%
80 Bayern Raphael Guerreiro
63%
79 Juventus Francisco Conceicao
60%
79 Al Nassr Joao Felix
58%
81 Sporting Goncalo Inacio
56%
77 Celtic Jota
53%
82 Al Qadsiah Otavio
53%
75 Lille Andre Gomes
51%
75 Wolves Toti Gomes
51%
81 Al Ittihad Danilo Pereira
49%
83 Sporting Pedro Goncalves
49%
82 Sporting Trincao
47%
77 Fenerbahce Nelson Semedo
44%
76 Villarreal Renato Veiga
42%
75 Elche Andre Horta
40%
78 AEK Athens Joao Mario
40%
77 Juventus Joao Mario
40%
81 Braga Ricardo Horta
40%
77 Braga Joao Moutinho
37%
82 Besiktas Rafa
37%
75 Panathinaikos Renato Sanches
35%
75 Cagliari Ze Pedro
35%
78 Union Berlin Diogo Leite
33%
77 Sporting Eduardo Quaresma
33%
75 Real Sociedad Goncalo Guedes
33%
76 Nantes Anthony Lopes
30%
80 Burnley Florentino
30%
78 Hamburg Fabio Vieira
28%
76 Sporting Geovany Quenda
26%
79 Sporting Nuno Santos
26%
78 Lazio Nuno Tavares
26%
77 Olympiacos Daniel Podence
23%
77 Lille Tiago Santos
23%
75 Chelsea Dario Essugo
21%
76 Valencia Thierry Correia
21%
75 Lille Felix Correia
19%
76 FC Porto Rodrigo Mora
19%
75 Besiktas Tiago Djalo
19%
78 Benfica Bruma
16%
75 Valencia Andre Almeida
14%
78 Olympiacos Gelson Martins
14%
75 Gaziantep Kevin Rodrigues
12%
78 Benfica Tomas Araujo
12%
78 Olympiacos Chiquinho
9%
75 Olympiacos Costinha
9%
76 Stuttgart Tiago Tomas
9%
75 Monza Dany Mota
7%
78 FC Porto Francisco Moura
7%
75 St. Pauli Mathias Pereira Lage
7%
78 Sporting Daniel Braganca
5%
75 Braga Leonardo Lelo
5%
75 Al Riyadh Toze
2%
No matching quizzes found
Score Distribution
Percent of People with Each Score
Percentile by Number Answered
Your Score History
You have not taken this quiz